000 01170nam a2200265 i 4500
001 27374
003 ES-MaACL
005 20250704062542.0
007 t|
008 030114s1930 sp |||| | spa d
100 1 _aAzaña, Manuel,
_d1880-1940
_924223
245 1 0 _aTres generaciones del Ateneo /
_cdiscurso leído por D. Manuel Azaña, presidente del Ateneo, el 20 de noviembre de 1930, en la sesión de apertura de curso de 1930-31.
260 _aMadrid :
_b[s.n.],
_c1930 (
_fImp. Sáez Hermanos)
300 _a30 p. ;
_c25 cm.
530 _aDisponible en formato digital.
610 2 4 _aAteneo de Madrid-
_vHistoria
_91925
610 2 4 _aAteneo de Madrid-
_vDiscursos de apertura-
_yS.XX.
_91913
610 2 4 _aAteneo de Madrid-
_vObras digitalizadas.
_91930
852 4 _aES-MaACL
_j1763-F-9
_928409
_cDEPOF
_zRevisado enlace: 07 de Abril de 2025
852 4 _aES-MaACL
_jR-2687
_dOlim:1745-F-1
_cDEPO1
856 4 _uhttp://www.ateneodemadrid.com/biblioteca_digital/folletos/Discursos-004.pdf
_yVer documento
856 4 _uhttp://bdh-rd.bne.es/viewer.vm?id=0000256774&page=1
_yBiblioteca Digital Hispánica
942 _2udc
999 _c27374
_d27374